000 00618nam a2200241 a 4500
001 nice12345678
003 IN_TiNIC
005 20260116011341.0
008 050524s1937 hyda grp 000 0 eng
020 _a
_c100
082 0 0 _a297.1228
_bABD
100 _aAbdul Latif, Syed
245 _aConcept of Society in Islam and Prayers in Islam
260 _aHyderabad
_bHyderabad Printing Works
_c1937
300 _a74p
500 _aincludes index and biblioraphy
505 2 _aIndex, Illus
650 _aQuran and Sociology
700 1 _aAbdul Latif, Syed
902 _bSRS
942 _cBK
999 _c747
_d747